00864nam a2200229 a 450000100100000000500170001000800410002702000180006804000250008608200150011110000290012624501160015525000130027126000520028430000280033650400300036470000240039470000450041870000410046395201130050499900170061700004076920201002034351.0130906s2011 sp a 001 0 spa d a9788483227428 aDO-SdBNPbspacBNPHU axxxxbxxxx1 aMacionis, John J.94504010aSociología. /cJohn J. Macionis, Ken Plummer; traducción, Cristina Flesher Fominaya, Javier Calvo Martín. a4ta. ed. aMadrid, España :bPearson educación,c2011. a816 p. :bil. ;c25 cm. aBibliografía p: 789-8091 aPlummer, Ken9436181 aFlesher Fominaya, Cristinaetrad.9671771 aCalvo Martín, Javieretrad.967178 001050718MOaGRbGRcCTd2013-09-06iLF1l0oxxxx xxxxp40769-10r2020-06-25w2020-06-25y1ZNo se presta c40259d40259